| 000 | 01115nam a22003255a 4500 | ||
|---|---|---|---|
| 999 |
_c8684 _d8684 |
||
| 008 | 150819t2006 maua|||frb||| 001 0 eng d | ||
| 010 | _a 2004057946 | ||
| 020 | _a007111565X | ||
| 020 | _a9780071115650 | ||
| 040 |
_aEG-SbBUE _beng _cEG-SbBUE |
||
| 082 | 0 | 4 |
_a332 _bCEC _222 |
| 100 | 1 |
_aCecchetti, Stephen G. _913211 |
|
| 245 | 1 | 0 |
_aMoney, banking, and financial markets / _cStephen G. Cecchetti, |
| 250 | _aGlobal edition | ||
| 260 |
_aBoston : _bMcGraw-Hill/Irwin, _cc.2006. |
||
| 300 |
_a 674 pages : _b ‪color illustrations ; _c26 cm |
||
| 500 | _aIndex. | ||
| 500 | _aGlossary | ||
| 504 | _aIncludes bibliographical references. | ||
| 590 | _aMenna Elemam | ||
| 650 | 0 |
_aMoney. _2BUEsh |
|
| 650 | 0 |
_aBanks and banking. _2BUEsh |
|
| 650 | 0 |
_aFinance. _2BUEsh |
|
| 650 | 0 |
_aCapital market. _2BUEsh |
|
| 651 | _2BUEsh | ||
| 653 |
_bBUSADM _cAugust2015 |
||
| 856 | 4 | 2 |
_3Publisher description _uhttp://www.loc.gov/catdir/enhancements/fy0618/2004057946-d.html |
| 856 | 4 | 2 |
_3Table of contents only _uhttp://www.loc.gov/catdir/enhancements/fy0618/2004057946-t.html |
| 942 |
_cBB _k332 CEC _2ddc |
||